00955nam a2200253 a 450000100060000000300080000600500170001400800390003103500190007004000270008904100130011608200270012910000150015624501840017125000120035526001080036730000340047550400360050961000340054565100350057970000240061470000330063870000300067131419BD-RjUL20211209051711.0140415s1989 ii bf b 001 0 eng a(BD-RjUL)31506 aDLCcDLCdBD-RjULbeng1 aenghger00a266.2541220bBEE 19891 aBecker, C.10aEarly history of the Catholic missions in northeast India, 1598-1890 / /cC. Becker, translated & edited by F. Leicht, S. Karotemprel ; with an introduction by J.B. Bhattacharjee. a1st ed. aCalcutta :bFirma KLM, under the auspices of Vendrame Institute, Sacred Heart College, Shillong,c1989. axix, 251 p. :bill. ;c22 cm. aInclude bibliography and index.20aCatholic ChurchzIndiazAssam 0aAssam (India)xChurch history.1 aLeicht, F.q(Franz)1 aKarotemprel, S.q(Sebastian)1 aBhattacharjee, J.B. etr.